Tô Hoài những tác phẩm tiêu biểu trước 1945

Tallennettuna:
Bibliografiset tiedot
Päätekijä: Tô Hoài
Aineistotyyppi: Kirja
Kieli:Undetermined
Julkaistu: Hà Nội Giáo Dục 2000
Aiheet:
Tagit: Lisää tagi
Ei tageja, Lisää ensimmäinen tagi!
Thư viện lưu trữ: Trung tâm Học liệu Trường Đại học Cần Thơ
LEADER 00512nam a2200169Ia 4500
001 CTU_43743
008 210402s9999 xx 000 0 und d
082 |a 895.922331 
082 |b T450th 
100 |a Tô Hoài 
245 0 |a Tô Hoài những tác phẩm tiêu biểu trước 1945 
245 0 |c Tô Hoài 
260 |a Hà Nội 
260 |b Giáo Dục 
260 |c 2000 
650 |a short stories, vietnamese - 20th century 
980 |a Trung tâm Học liệu Trường Đại học Cần Thơ